Crisis y reforma del sistema monetario internacional / (Record no. 109664)

MARC details
000 -LEADER
campo de control de longitud fija 00502nam a2200157 4500
001 - NÚMERO DE CONTROL
campo de control 109664
003 - IDENTIFICADOR DE NÚMERO DE CONTROL
campo de control ES-MaACL
007 - CAMPO FIJO DE DESCRIPCIÓN FÍSICA--INFORMACIÓN GENERAL
campo de control de longitud fija t|
008 - DATOS DE LONGITUD FIJA--INFORMACIÓN GENERAL
campo de control de longitud fija 061121s1978 sp r ||||1| spa d
100 1# - ENTRADA PRINCIPAL--NOMBRE DE PERSONA
Nombre de persona Muns, Joaquín.
9 (RLIN) 84222
245 10 - MENCIÓN DEL TÍTULO
Título Crisis y reforma del sistema monetario internacional /
Mención de responsabilidad, etc. introducción y selección Joaquín Muns.
260 ## - PUBLICACIÓN, DISTRIBUCIÓN, ETC.
Lugar de publicación, distribución, etc. Madrid :
Nombre del editor, distribuidor, etc. Instituto de Estudios Fiscales,
Fecha de publicación, distribución, etc. 1978.
300 ## - DESCRIPCIÓN FÍSICA
Extensión 726 p. ;
Dimensiones 19 cm.
700 1# - ENTRADA AGREGADA--NOMBRE PERSONAL
Nombre de persona Muns, Joaquín.
9 (RLIN) 84222
852 ## - LOCALIZACIÓN
Ubicación ES-MaACL
Número de control de estantería L-730
Sublocalización o colección R.101547
Holdings
Estatus retirado Estado de pérdida Estado de daño No para préstamo Biblioteca de origen Biblioteca actual Ubicación en estantería Fecha de adquisición Fuente de adquisición Total de préstamos Signatura topográfica completa Código de barras Visto por última vez Precio de reemplazo Tipo de ítem Koha
        Biblioteca del Ateneo de Madrid Biblioteca del Ateneo de Madrid Depósito 2 17/01/2008     L-730 1114422 23/02/2023 23/02/2023 Libro impreso